000
00296nam a22001337a 4500
008
171023b xxu||||| |||| 00| 0 eng d
020
_a
9780964882904
041
_a
eng
080
_a
658
100
_a
54
101
_a
LID
245
_a
11 LESSON IN SELF-LEADERSHIP
_c
HOLMAN,L
942
_2
udc
_c
BK
999
_c
35394
_d
35394